|
|
|
|
| LEADER |
01636nam a2200373 i 4500 |
| 001 |
35217 |
| 003 |
BD-DhAAL |
| 005 |
20211118112253.0 |
| 008 |
190903t2017 nyua b 001 0 eng |
| 999 |
|
|
|c 40835
|d 40835
|
| 010 |
|
|
|a 2016027205
|
| 020 |
|
|
|a 9781138825420 (hardback : alk. paper)
|
| 020 |
|
|
|z 9781315740003 (ebook)
|
| 020 |
|
|
|a 9781138392748
|
| 040 |
|
|
|a DLC
|b eng
|c DLC
|e rda
|d DLC
|d BD-DhAAL
|
| 042 |
|
|
|a pcc
|
| 050 |
0 |
0 |
|a NA2005
|b .O96 2017
|
| 082 |
0 |
0 |
|a 720.71
|2 23
|
| 100 |
1 |
|
|a Özkar, Mine,
|e author.
|9 33847
|
| 245 |
1 |
0 |
|a Rethinking basic design in architectural education :
|b foundations past and future /
|c Mine Özkar.
|
| 260 |
|
|
|a New York :
|b Routledge, Taylor & Francis Group,
|c c2017
|
| 300 |
|
|
|a viii, 156 pages :
|b illustrations ;
|c 23 cm.
|
| 490 |
0 |
|
|a Routledge research in architecture
|
| 504 |
|
|
|a Includes bibliographical references and index.
|
| 526 |
|
|
|a ARC
|
| 541 |
|
|
|a Trim education
|e 35217
|
| 650 |
|
0 |
|a Architecture
|x Study and teaching.
|9 33848
|
| 650 |
|
0 |
|a Architecture
|x Curricula.
|9 33849
|
| 650 |
|
0 |
|a Design
|x Study and teaching.
|9 33850
|
| 650 |
|
0 |
|a Architecture.
|9 42788
|
| 852 |
|
|
|a Ayesha Abed Library
|c General Stacks
|
| 942 |
|
|
|2 ddc
|c BK
|
| 952 |
|
|
|0 0
|1 0
|2 ddc
|4 0
|6 720_710000000000000_OZK
|7 0
|9 66103
|a BRACUL
|b BRACUL
|c GEN
|d 2019-08-29
|e Trim Education
|g 2725.00
|l 1
|o 720.71 OZK
|p 3010035217
|r 2021-12-23
|s 2021-12-15
|t 1
|v 2725.00
|w 2019-08-29
|y BK
|
| 952 |
|
|
|0 0
|1 0
|2 ddc
|4 0
|6 720_710000000000000_OZK
|7 0
|9 66104
|a BRACUL
|b BRACUL
|c GEN
|d 2019-08-29
|e Trim Education
|g 2725.00
|l 1
|o 720.71 OZK
|p 3010035218
|r 2025-09-21
|s 2025-08-03
|t 2
|v 2725.00
|w 2019-08-29
|y BK
|x Transferred from ARC to BRACUL on 28/12/2023
|